[Event "Maranhense-ch I Etapa"]
[Site "Imperatriz"]
[Date "2003.??.??"]
[Round "1"]
[White "Azevedo, Icario"]
[Black "Batista, Valdecir"]
[Result "0-1"]
[WhiteElo "1780"]
[BlackElo "1928"]
[PlyCount "50"]
[EventDate "2003.02.03"]
[EventType "swiss"]
[EventRounds "7"]
[EventCountry "BRA"]
[SourceTitle "EXT 2006"]
[Source "ChessBase"]
[SourceDate "2005.11.24"]
[SourceVersion "1"]
[SourceVersionDate "2005.11.24"]
[SourceQuality "1"]

1. e4 d6 2. Nf3 Nf6 3. Nc3 g6 4. d3 Bg7 5. Bg5 0-0 6. Qd2 e6 7. Bh6 b5 8. Bxg7 Kxg7 9. g3 e5 10. Bg2 Be6 11. 0-0 Qc8 12. Ng5 Bd7 13. a4 h6 14. Nf3 b4 15. Ne2 a5 16. g4 Bxg4 17. h3 Bxh3 18. Nh4 Qg4 19. Kh2 Qxh4 20. Bxh3 Nbd7 21. Rg1 h5 22. f3 Rh8 23. Rg4 Nxg4+ 24. Kg2 Qf2+ 25. Kh1 Qh2# 0-1